000 00335 a2200157 4500
001 155538
040 _cEscola São Tomás de Aquino
100 _aMARIM, Vlademir
240 1 0 _aSaber matemática
_lpor
245 1 0 _aSaber matemática
300 _a288
362 0 _a2013
440 1 _aFTD
697 _aMATEMÁTICA
942 _cBK
999 _c155538
_d155538